| 000 | 00000nas 2200000za 4500 |
| 001 | 9.506883 |
| 003 | CaOODSP |
| 005 | 20241203113633 |
| 007 | cr ||||||||||| |
| 008 | 150406d19982000qucar p o||||f| |0eng|d |
| 040 | |aCaOODSP|beng |
| 043 | |an-cn--- |
| 086 | 1 |aEn81-16E-PDF |
| 110 | 2 |aNational Pollutant Release Inventory (Canada) |
| 245 | 10|aNational overview |h[electronic resource]. |
| 260 | |aHull, Quebec : |bEnvironment Canada |
| 310 | |aAnnual |
| 362 | 0 |a1998-2000? |
| 690 | 07|aPollutants|2gcpds |
| 710 | 1 |aCanada. |bEnvironment Canada. |
| 775 | 08|tCompte rendu national |w(CaOODSP)9.503279 |
| 780 | 00|tSummary report |w(CaOODSP)9.506870 |